000 00651nam a2200217Ii 4500
003 JO-AjNU
008 230605s9999||||xx |||||||||||||| ||und||
017 _a1998/10/1713
040 _aJO-AjNU
_bara
_erda
_cJO-AjNU
041 _aara
050 1 4 _aKMM274.K25 1999
100 3 _aكنعان، نواف,
_eauthor
_946872
245 0 0 _aالقضاء الاداري في الاردن
250 _aط1
264 3 1 _aعمان: المؤلف، 1999
300 _a403ص
336 _atext
_btxt
_2rdacontent
337 _aunmediated
_bn
_2rdamedia
338 _avolume
_bnc
_2rdacarrier
650 4 _aالقانون الاداري - الاردن
_946873
999 _aA20422
_c23990
_d23990